| 000 | 00631ata a2200217 4500 | ||
|---|---|---|---|
| 005 | 20160823140246.0 | ||
| 008 | 150514b xxu||||| |||| 00| 0 spa d | ||
| 041 | _aspa | ||
| 082 | _a133.333.7 B482b | ||
| 245 | _aBiblioteca práctica de la salud: feng shui práctica para la salud | ||
| 260 |
_aEspaña _bOcéano _c2003 |
||
| 500 | _aTOMO 7 | ||
| 650 |
_aFENG SHUI _915598 |
||
| 650 |
_aENERGíA DEL LUGAR _915599 |
||
| 650 |
_aORIENTACIÓN _97089 |
||
| 650 |
_aENTORNO _95984 |
||
| 650 |
_aENERGÍA DE LOS MORADORES _915600 |
||
| 650 |
_aDISTRIBUCIÓN DE LA CASA _915601 |
||
| 650 |
_aDISEÑO DE LA CASA _915602 |
||
| 942 | _cBK | ||
| 999 |
_c5495 _d5495 |
||